[Event "sergiogvh-2"]
[Site "http://www.queenalice.com/game.php?id=1091202"]
[Date "2012.8.7"]
[Round "2"]
[White "trill"]
[Black "Chandra"]
[Result "1/2-1/2"]
[WhiteElo "2733"]
[BlackElo "2601"]

1. d4 d5 2. c4 e6 3. Nc3 Nf6 4. cxd5 exd5 5. Bg5 Be7 6. e3 O-O 7. Qc2 h6 8. Bh4
Be6 9. Bd3 c5 10. Nge2 Nc6 11. a3 cxd4 12. exd4 Rc8 13. O-O a6 14. Rae1 Qd7 15.
Qd1 b5 16. Bb1 Bf5 17. Bxf5 Qxf5 18. Ng3 Qd7 19. Qf3 Nxd4 20. Qd1 Rc4 21. Rxe7
Qxe7 22. Nxd5 Qe5 23. Bxf6 Qxd5 24. b3 gxf6 25. bxc4 bxc4 26. Qg4+ Kh8 27. Qh4
Kh7 28. Ne4 Ne2+ 29. Kh1 Qe6 30. Nc5 Qd5 31. Ne4 Qe6 32. Nc5 Qd5 33. Ne4 1/2-1/2

[Event "Challenge"]
[Site "http://www.queenalice.com/game.php?id=1134286"]
[Date "2012.12.25"]
[Round "-"]
[White "trill"]
[Black "lupengui"]
[Result "1/2-1/2"]
[WhiteElo "2767"]
[BlackElo "2814"]

1. d4 Nf6 2. c4 e6 3. g3 d5 4. Nf3 dxc4 5. Bg2 Nc6 6. Qa4 Bb4+ 7. Bd2 Nd5 8.
Bxb4 Nxb4 9. O-O Rb8 10. Na3 O-O 11. Qb5 b6 12. Qxc4 Qe7 13. Qc3 Ba6 14. Nc4 Nd5
15. Qb3 Na5 16. Nxa5 bxa5 17. Qc2 c5 18. Rfc1 cxd4 19. Nxd4 Rfc8 20. Qd2 Qb4 21.
Qxb4 Rxc1+ 22. Rxc1 1/2-1/2

[Event "Challenge"]
[Site "http://www.queenalice.com/game.php?id=1134287"]
[Date "2012.12.25"]
[Round "-"]
[White "lupengui"]
[Black "trill"]
[Result "1/2-1/2"]
[WhiteElo "2815"]
[BlackElo "2766"]

1. c4 g6 2. d4 Nf6 3. Nc3 d5 4. Bf4 Bg7 5. e3 c5 6. dxc5 Qa5 7. Qa4+ Qxa4 8.
Nxa4 Bd7 9. Nc3 Ne4 10. Nxd5 Na6 11. f3 Nexc5 12. Rb1 e6 13. Nc3 Bxc3+ 14. bxc3
f6 15. Bh6 Kf7 16. Ne2 b6 17. Nd4 Rhd8 18. e4 Na4 19. Kd2 e5 20. Nb3 Rac8 21.
Kc2 Be6 22. Nd2 N6c5 23. Be2 Rc6 24. Be3 Rcd6 1/2-1/2

[Event "Challenge"]
[Site "http://www.queenalice.com/game.php?id=1134297"]
[Date "2012.12.25"]
[Round "-"]
[White "plonius"]
[Black "trill"]
[Result "1/2-1/2"]
[WhiteElo "2739"]
[BlackElo "2758"]

1. d4 Nf6 2. c4 c5 3. d5 b5 4. cxb5 a6 5. bxa6 g6 6. Nc3 Bxa6 7. Nf3 Bg7 8. e4
Bxf1 9. Kxf1 d6 10. g3 Nbd7 11. Kg2 O-O 12. a4 Qb6 13. Ra3 Rfc8 14. Qc2 Ng4 15.
Bg5 h6 16. Bf4 c4 17. Rb1 Nde5 18. Nxe5 Nxe5 19. Be3 Qb4 20. Ne2 Ng4 21. Bc1 Qc5
22. Nc3 Bd4 23. f3 Nf2 24. Nb5 Nd3 25. Bxh6 Bxb2 26. Rxd3 cxd3 27. Qxb2 f6 28.
Ra1 Qc2+ 29. Qxc2 Rxc2+ 30. Kh3 g5 31. Rd1 Rxa4 32. Rxd3 Raa2 33. Bxg5 fxg5 34.
Kg4 Rxh2 35. Kxg5 Rhd2 36. Rxd2 Rxd2 37. g4 Rd3 1/2-1/2

[Event "Challenge"]
[Site "http://www.queenalice.com/game.php?id=1134298"]
[Date "2012.12.25"]
[Round "-"]
[White "trill"]
[Black "plonius"]
[Result "1/2-1/2"]
[WhiteElo "2758"]
[BlackElo "2739"]

1. e4 c5 2. Nf3 d6 3. d4 cxd4 4. Nxd4 Nf6 5. Nc3 a6 6. Be3 e5 7. Nb3 Be6 8. Qd2
Nbd7 9. O-O-O b5 10. f3 Be7 11. Kb1 O-O 12. g4 Nb6 13. g5 Nfd7 14. Nd5 Bxd5 15.
exd5 Qc7 16. h4 Nc4 17. Bxc4 bxc4 18. Na5 c3 19. Qxc3 Qxc3 20. bxc3 f6 21. Nc6
Bd8 22. gxf6 Bxf6 23. Rh3 Bd8 24. h5 Bb6 25. Bxb6 Nxb6 26. Ne7+ Kf7 27. Nf5 Rad8
28. Rh4 Kf6 29. Ne3 Ke7 30. Rb4 Nd7 31. Rg4 Rf7 32. Kc1 Kf8 33. Rf1 Nf6 34. Rg5
Rc8 35. Kd2 Ne8 36. c4 h6 37. Rg6 Rf4 38. Re6 a5 39. Ke2 Rd8 40. Rb1 a4 41. Rb4
a3 42. Ra4 Nf6 43. Ra6 e4 44. fxe4 Nxe4 45. Rxa3 Ng5 46. Rg6 Re8 47. Rxd6 Rxc4
1/2-1/2

[Event "trill"]
[Site "http://www.queenalice.com/game.php?id=1143205"]
[Date "2013.1.21"]
[Round "1"]
[White "Conde7"]
[Black "trill"]
[Result "0-1"]
[WhiteElo "2775"]
[BlackElo "2758"]

1. e4 c5 2. Nf3 d6 3. d4 cxd4 4. Nxd4 Nf6 5. Nc3 a6 6. Be3 e5 7. Nb3 Be6 8. f3
h5 9. Qd2 Nbd7 10. Nd5 Bxd5 11. exd5 g6 12. Be2 Qc7 13. Na5 b6 14. Nc4 Bg7 15.
a4 O-O 16. O-O e4 17. Rfe1 exf3 18. gxf3 Rfe8 19. Bf2 Rac8 20. b3 h4 21. Kh1 Nh5
22. Ra2 Bf6 23. Bf1 a5 24. Re3 Ne5 25. Nxb6 Bg5 26. Nxc8 Bxe3 27. Qxe3 Qxc8 28.
Qe4 f5 29. Qd4 Nxf3 30. Qd1 Ne5 31. c4 f4 32. c5 Ng3+ 33. hxg3 hxg3 34. Bd4 Qf5
35. Bxe5 Rxe5 36. cxd6 Qe4+ 37. Bg2 Qe1+ 38. Qxe1 Rxe1+ 39. Bf1 Rxf1+ 40. Kg2
Rd1 41. b4 Rxd5 0-1

[Event "sergiogvh-2"]
[Site "http://www.queenalice.com/game.php?id=1151232"]
[Date "2013.2.12"]
[Round "3"]
[White "puddschini"]
[Black "trill"]
[Result "1/2-1/2"]
[WhiteElo "2540"]
[BlackElo "2768"]

1. e4 c5 2. Nf3 e6 3. d4 cxd4 4. Nxd4 a6 5. c4 Nf6 6. Nc3 Bb4 7. Qc2 Nc6 8. Nxc6
dxc6 9. a3 Bc5 10. Be2 e5 11. O-O Bd4 12. Bf3 Be6 13. Ne2 c5 14. Nxd4 cxd4 15.
b3 Nd7 16. b4 b6 1/2-1/2

[Event "trill"]
[Site "http://www.queenalice.com/game.php?id=1183466"]
[Date "2013.5.22"]
[Round "2"]
[White "trill"]
[Black "LoveChess"]
[Result "1/2-1/2"]
[WhiteElo "2763"]
[BlackElo "2770"]

1. c4 c6 2. e4 d5 3. exd5 cxd5 4. d4 Nf6 5. Nc3 Nc6 6. Bg5 dxc4 7. Bxc4 h6 8.
Bh4 Qxd4 9. Qxd4 Nxd4 10. O-O-O e5 11. f4 Bg4 12. Nf3 Bxf3 13. gxf3 Rc8 14. fxe5
Rxc4 15. exf6 Ne6 16. Bg3 gxf6 17. Kb1 Rg8 18. Nd5 Rg6 19. Rhe1 Bc5 20. Nf4 Rg5
21. Nxe6 1/2-1/2

[Event "Challenge"]
[Site "http://www.queenalice.com/game.php?id=1191159"]
[Date "2013.6.15"]
[Round "-"]
[White "Caronte"]
[Black "trill"]
[Result "1/2-1/2"]
[WhiteElo "2704"]
[BlackElo "2763"]

1. d4 d5 2. c4 e6 3. Nf3 c6 4. Nc3 dxc4 5. e3 b5 6. a4 Bb4 7. Bd2 a5 8. axb5
Bxc3 9. Bxc3 cxb5 10. b3 Bb7 11. bxc4 b4 12. Bb2 Nf6 13. Bd3 Nbd7 14. O-O O-O
15. Nd2 Qc7 16. f3 e5 17. Qc2 Rfe8 18. Rfc1 exd4 19. exd4 h6 20. Rd1 Nh5 21. Ne4
f5 22. Ng3 Nxg3 23. hxg3 Qxg3 24. Qf2 Qg5 25. d5 a4 26. Bd4 Nf6 27. Qd2 b3 28.
Qxg5 hxg5 29. Bxf5 a3 30. Be6+ Kh7 31. Bf5+ Kg8 32. Be6+ Kh7 33. Bf5+ Kg8
1/2-1/2

[Event "sergiogvh-2"]
[Site "http://www.queenalice.com/game.php?id=1273028"]
[Date "2014.4.14"]
[Round "5"]
[White "trill"]
[Black "plonius"]
[Result "1/2-1/2"]
[WhiteElo "2766"]
[BlackElo "2771"]

1. e4 c5 2. Nf3 d6 3. d4 cxd4 4. Nxd4 Nf6 5. Nc3 a6 6. f3 e6 7. Be3 b5 8. Qd2
Nbd7 9. g4 Nb6 10. a4 Nc4 11. Bxc4 bxc4 12. g5 Nd7 13. a5 Bb7 14. Na4 Rb8 15.
O-O-O Ba8 16. Kb1 d5 17. Bf4 Bb4 18. c3 Bxa5 19. exd5 Bxd5 20. Bxb8 Qxb8 21. Nf5
Qe5 22. Ne3 Bc6 23. Nxc4 Qf5+ 24. Qd3 Qxd3+ 25. Rxd3 Bc7 26. Nab6 Nxb6 27. Nxb6
h6 28. g6 Ke7 29. Nc4 fxg6 30. Nd2 g5 31. h3 a5 32. b3 Bf4 33. Kc2 1/2-1/2

[Event "Challenge"]
[Site "http://www.queenalice.com/game.php?id=1399093"]
[Date "2015.12.16"]
[Round "-"]
[White "trill"]
[Black "Caronte"]
[Result "1/2-1/2"]
[WhiteElo "2761"]
[BlackElo "2698"]

1. c4 c5 2. g3 g6 3. Bg2 Bg7 4. Nc3 Nc6 5. Nf3 d6 6. O-O Nh6 7. d4 cxd4 8. Bxh6
Bxh6 9. Nxd4 Bd7 10. c5 dxc5 11. Nxc6 bxc6 12. Na4 O-O 13. Qc2 Bf5 14. e4 Bc8
15. Rad1 Qa5 16. Nxc5 Bg7 17. b3 Bc3 18. Na4 Bb4 19. Nb2 Ba6 20. Nc4 Qc7 21. Bf3
Rad8 22. Be2 Bc5 23. Nb2 Bxe2 24. Qxe2 Bd4 25. Nc4 c5 26. Kg2 e5 27. Rfe1 Kg7
28. f3 Qc6 29. Rd3 1/2-1/2

[Event "Challenge"]
[Site "http://www.queenalice.com/game.php?id=1399094"]
[Date "2015.12.16"]
[Round "-"]
[White "Caronte"]
[Black "trill"]
[Result "1/2-1/2"]
[WhiteElo "2697"]
[BlackElo "2762"]

1. Nf3 Nf6 2. g3 d5 3. Bg2 Bf5 4. c4 e6 5. O-O c6 6. cxd5 exd5 7. d3 Be7 8. Qb3
Qb6 9. Qc2 O-O 10. Nc3 Na6 11. e4 Bg4 12. Be3 Nb4 13. Qd2 Qd8 14. e5 Nd7 15. d4
Bf5 16. Ne1 Nb6 17. Qe2 f6 18. Rd1 Qd7 19. f4 Be6 20. Nf3 Bg4 21. Bf2 Rae8 22.
b3 Qf5 23. Qd2 Qh5 24. Be3 fxe5 25. dxe5 Na6 26. Rc1 Rd8 27. Qf2 Nb4 28. Rfd1 g5
29. Ne2 1/2-1/2

[Event "Challenge"]
[Site "http://www.queenalice.com/game.php?id=1399095"]
[Date "2015.12.16"]
[Round "-"]
[White "trill"]
[Black "cro_kramnik"]
[Result "1/2-1/2"]
[WhiteElo "2766"]
[BlackElo "2668"]

1. Nf3 Nf6 2. c4 g6 3. g3 Bg7 4. Bg2 O-O 5. Nc3 d5 6. cxd5 Nxd5 7. O-O c5 8.
Nxd5 Qxd5 9. d4 cxd4 10. Be3 d3 11. Ne1 Qd6 12. Nxd3 Nc6 13. Bc5 Qc7 14. Rc1 Rd8
15. Qa4 Bf5 16. b4 Bh6 17. f4 Bg7 18. Bf2 1/2-1/2

[Event "Challenge"]
[Site "http://www.queenalice.com/game.php?id=1399096"]
[Date "2015.12.16"]
[Round "-"]
[White "cro_kramnik"]
[Black "trill"]
[Result "1/2-1/2"]
[WhiteElo "2670"]
[BlackElo "2764"]

1. e4 c5 2. Nf3 d6 3. d4 cxd4 4. Nxd4 Nf6 5. Nc3 a6 6. Be3 e5 7. Nf3 Be7 8. Bc4
O-O 9. O-O Qc7 10. Bb3 Be6 11. Nh4 g6 12. Nf3 b5 13. Bh6 Rc8 14. Ng5 Bxb3 15.
cxb3 Qd8 16. f4 Nc6 17. Kh1 exf4 18. Qd2 Ne5 19. Qxf4 Qd7 20. h3 Nh5 21. Qf2 Qa7
22. Qh4 Rxc3 23. bxc3 Qe3 24. Kh2 d5 25. g4 f6 26. gxh5 fxg5 27. Qg3 Qxg3+ 28.
Kxg3 dxe4 29. hxg6 hxg6 30. Rae1 Kh7 31. Bxg5 Bxg5 32. Rxe4 Re8 33. Rd1 Kg7 34.
Rd6 Rd8 35. Rxe5 1/2-1/2

[Event "Challenge"]
[Site "http://www.queenalice.com/game.php?id=1769393"]
[Date "2021.9.10"]
[Round "-"]
[White "trill"]
[Black "Cuxtal"]
[Result "1/2-1/2"]
[WhiteElo "2760"]
[BlackElo "2775"]

1. e4 e5 2. Nf3 Nc6 3. Bb5 Nf6 4. Nc3 Bd6 5. d3 O-O 6. Bg5 h6 7. Bh4 a6 8. Ba4
b5 9. Bb3 Be7 10. a3 d6 11. h3 Be6 12. Bxf6 Bxf6 13. Nd5 Nb8 14. O-O Nd7 15. c3
Nc5 16. Ba2 c6 17. Nxf6+ Qxf6 18. b4 1/2-1/2

[Event "Challenge"]
[Site "http://www.queenalice.com/game.php?id=1769394"]
[Date "2021.9.10"]
[Round "-"]
[White "Cuxtal"]
[Black "trill"]
[Result "1/2-1/2"]
[WhiteElo "2775"]
[BlackElo "2760"]

1. c4 e5 2. g3 Nf6 3. Nc3 c6 4. Nf3 e4 5. Nd4 Qb6 6. e3 d5 7. Bg2 Bg4 8. Qa4
Nbd7 9. cxd5 cxd5 10. Qb5 Bc5 11. h3 Be6 12. d3 Qxb5 13. Ndxb5 O-O-O 14. d4 Bb6
15. a4 a6 16. a5 axb5 17. axb6 Nxb6 18. Nxb5 Kd7 19. Ke2 Ra8 20. Bd2 Nc4 21. b3
Rxa1 22. Rxa1 Nxd2 23. Kxd2 g5 24. Nc3 h5 25. b4 Kd6 26. Nb5+ Kd7 27. Nc3 Kd6
28. Nb5+ 1/2-1/2